| 000 | 00730nam a22002537a 4500 | ||
|---|---|---|---|
| 003 | UA-OsUOA | ||
| 001 | 20943 | ||
| 007 | ta | ||
| 008 | 20031107b un ||||| |||| 00| 0 ukr d | ||
| 100 | _aЧубук М. | ||
| 090 |
_a94(477).075 _bЧ-81 |
||
| 942 | _cBK | ||
| 040 |
_aUA-OsUOA _brus _cUA-OsUOA _dUA-OsUOA |
||
| 245 |
_aЗолоті Ворота _cЧубук М. |
||
| 300 | _a176 с. | ||
| 955 | _a0 | ||
| 041 | _arus | ||
| 080 | _a94(477).075 | ||
| 260 |
_bВидання товариства зв'язків з українцями за межами України _c1991 |
||
| 246 | 3 | 1 |
_aВип. 4 _n |
| 044 | _aRU | ||
| 650 | 7 |
_a9 Географія. Біографії. Історія _2UDC |
|
| 999 |
_c307131 _d307131 |
||